000 00472nam a2200181Ia 4500
001 20884
005 20260306172838.0
008 260306t2015||||xx |||||||||||||| ||spa||
041 _aESP
082 _a343.8
_bM28
100 _aMateo Rojas, Ada
_eAUT
245 0 _aInfracciones y sanciones tributarias:
_baplicación del régimen de gradualidad
260 _c2015
300 _a303 páginas :
_c24 cm.
650 _aGEN
654 _aCCO
942 _cLIB
_dJUS
_fJUS
_2ddc
_n
999 _c20884
_d20884